000 00502nam a2200193Ia 4500
999 _c14838
_d14838
003 OSt
005 20201027130350.0
008 190216s9999||||xx |||||||||||||| ||und||
020 _a9780593072493
040 _coclc
082 _a813.54
_bBRO/I
100 _aBrown, Dan
_95558
245 0 _aInferno /
_cDan Brown
250 _a1st Ed.
260 _bBantam Press ,
_c2013.
_aLondon:
300 _a461p
650 _aEnglish
942 _cBK
_2ddc
_h813.54
_iBRO/I
_k813.54
_mBRO/I